MARC

LEADER 00000nam0a2200000 4500
001 130642
005 20231101220244.0
035 |a (RuTPU)RU\TPU\book\141497 
090 |a 130642 
100 |a 20080206d1980 k y0rusy50 ca 
101 0 |a rus 
102 |a KZ 
105 |a a z 001zy 
200 1 |a Гидрогеология горнорудных объектов Казахстана  |f Академия наук Казахской ССР, Институт гидрогеологии и гидрофизики ; под ред. У. М. Ахметсафина 
210 |a Алма-Ата  |c Наука  |d 1980 
215 |a 120 с.  |c ил. 
320 |9 572  |a Библиогр.: с. 117-119 
606 1 |a Месторождения полезных ископаемых  |x Гидрогеология  |x Гидрогеологические исследования  |2 stltpush  |3 (RuTPU)RU\TPU\subj\42232  |9 61919 
610 1 |a горнорудные работы 
610 1 |a горнорудные работы 
610 1 |a Казахстан 
610 1 |a гидрогеологические исследования 
610 1 |a водообеспеченность 
610 1 |a подземные воды 
610 1 |a формирование 
610 1 |a инженерно-геологические условия 
610 1 |a рудные поля 
610 1 |a подземная гидродинамика 
610 1 |a аналоговое моделирование 
610 1 |a водоснабжение 
675 |a 622.51  |v 3 
702 1 |a Ахметсафин  |b У. М.  |4 340 
712 0 2 |a Академия наук Казахской ССР  |b Институт гидрогеологии и гидрофизики  |2 stltpush  |3 (RuTPU)RU\TPU\col\8430  |9 24523 
801 1 |a RU  |b 63413507  |c 20080204  |g PSBO 
801 2 |a RU  |b 63413507  |c 20210506  |g PSBO 
942 |c BK